[Event "XV Konik Morski Rewala - Open B"]
[Site "Rewal"]
[Date "2010.08.19"]
[Round "1.29"]
[White "Krzysztofiak, Zdzislaw"]
[Black "Ostrowska, Dominika"]
[Result "1-0"]
[WhiteElo "1664"]
[BlackElo "1930"]
[PlyCount "77"]
[EventDate "2010.??.??"]

1. e4 c5 2. Nf3 d6 3. Bc4 e6 4. d4 cxd4 5. Nxd4 Nf6 6. Nc3 Be7 7. Be3 O-O 8.
O-O Nc6 9. Nxc6 bxc6 10. a3 d5 11. exd5 cxd5 12. Bd3 e5 13. Bg5 Be6 14. Kh1 Rb8
15. Rb1 d4 16. Bxf6 Bxf6 17. Ne4 Be7 18. b4 f5 19. Ng3 Kh8 20. f3 Bh4 21. Qe2
Qd6 22. Rbe1 e4 23. fxe4 f4 24. e5 Qe7 25. Qe4 g6 26. Rxf4 Bxg3 27. hxg3 Qg5
28. Qf3 Rfd8 29. Rf6 Bd5 30. Qf4 Qh5+ 31. Qh4 Qxh4+ 32. gxh4 Kg7 33. Rd6 Rxd6
34. exd6 Rd8 35. Re7+ Kg8 36. Rxa7 Rxd6 37. Kg1 Re6 38. Rd7 Re5 39. Rxd5 1-0

[Event "XV Konik Morski Rewala - Open B"]
[Site "Rewal"]
[Date "2010.08.19"]
[Round "1.30"]
[White "Jacel, Lukasz"]
[Black "Zezulkin, Alina"]
[Result "1-0"]
[WhiteElo "1927"]
[BlackElo "1653"]
[PlyCount "35"]
[EventDate "2010.??.??"]

1. e4 c5 2. Nc3 Nc6 3. f4 d6 4. Nf3 Nf6 5. Bc4 e6 6. d3 Be7 7. O-O O-O 8. Bb3
a6 9. Ne2 b5 10. c3 Bb7 11. Bc2 d5 12. e5 Nd7 13. d4 cxd4 14. Nexd4 Bc5 15.
Bxh7+ Kh8 16. Bc2 f6 17. Qd3 f5 18. Ng5 1-0

[Event "XV Konik Morski Rewala - Open B"]
[Site "Rewal"]
[Date "2010.08.19"]
[Round "1.31"]
[White "Panczuk, Joanna"]
[Black "Poswiatowski, Michal"]
[Result "0-1"]
[WhiteElo "1651"]
[BlackElo "1925"]
[PlyCount "96"]
[EventDate "2010.??.??"]

1. e4 c5 2. Nf3 d6 3. c3 Nf6 4. d3 g6 5. h3 Bg7 6. Be3 O-O 7. Nbd2 a6 8. Be2 b5
9. d4 Nbd7 10. a4 b4 11. cxb4 cxb4 12. a5 Rb8 13. O-O Bb7 14. Bd3 d5 15. e5 Ne4
16. e6 fxe6 17. Bxe4 dxe4 18. Ng5 Bd5 19. Ngxe4 Qc7 20. Qe2 Qb7 21. f3 e5 22.
dxe5 Bxe5 23. Rab1 Qb5 24. Rfe1 Qxe2 25. Rxe2 Rb5 26. Bg5 Bd4+ 27. Kh1 e5 28.
Be7 Re8 29. Bd6 b3 30. Nc3 Rxa5 31. Bb4 Bxc3 32. Bxc3 Rb5 33. Ra1 Rb6 34. Rae1
Rbe6 35. Ne4 Bxe4 36. Rxe4 Nc5 37. Rxe5 Rxe5 38. Rxe5 Rxe5 39. Bxe5 Nd3 40. Bd4
Kf7 41. Kg1 Ke6 42. Kf1 Kd5 43. Bc3 Kc4 44. g3 Nc1 45. Bd2 Nd3 46. Bc3 a5 47.
Ke2 a4 48. Ke3 a3 0-1

[Event "XV Konik Morski Rewala - Open B"]
[Site "Rewal"]
[Date "2010.08.19"]
[Round "1.32"]
[White "Najdzionek, Boleslaw"]
[Black "Kowalski, Maciej"]
[Result "1-0"]
[WhiteElo "1924"]
[BlackElo "1649"]
[PlyCount "41"]
[EventDate "2010.??.??"]

1. d4 d5 2. c4 e6 3. Nf3 Nf6 4. Nc3 Bb4 5. e3 Bxc3+ 6. bxc3 O-O 7. Bd3 Nbd7 8.
O-O Re8 9. cxd5 exd5 10. Qc2 Nf8 11. Ne5 Ng6 12. Nxg6 hxg6 13. c4 dxc4 14. Bxc4
Be6 15. Bd3 Nd5 16. a3 a5 17. e4 Nb6 18. Be3 a4 19. d5 Bd7 20. Rab1 Rb8 21.
Rfc1 1-0

[Event "XV Konik Morski Rewala - Open B"]
[Site "Rewal"]
[Date "2010.08.19"]
[Round "1.33"]
[White "Dzierzak, Radoslaw"]
[Black "Kubica, Kamil"]
[Result "0-1"]
[WhiteElo "1608"]
[BlackElo "1917"]
[PlyCount "58"]
[EventDate "2010.??.??"]

1. e4 e5 2. Nf3 Nc6 3. Bb5 a6 4. Ba4 Nf6 5. O-O Nxe4 6. d4 b5 7. Bb3 d5 8. dxe5
Be6 9. c3 Bc5 10. Nbd2 O-O 11. Bc2 Nxf2 12. Rxf2 f6 13. exf6 Qxf6 14. Nb3 Bxf2+
15. Kxf2 Ne5 16. Nbd4 Bg4 17. Kg1 c5 18. Bg5 Qf7 19. h3 Bh5 20. Qf1 Bxf3 21.
Nxf3 Qh5 22. Be3 Nxf3+ 23. gxf3 Rxf3 24. Bf2 Raf8 25. Bd1 Qg6+ 26. Qg2 Qxg2+
27. Kxg2 Rxf2+ 28. Kg3 Rf1 29. Rb1 Rg1+ 0-1

[Event "XV Konik Morski Rewala - Open B"]
[Site "Rewal"]
[Date "2010.08.19"]
[Round "1.34"]
[White "Szydlowski, Kazimierz"]
[Black "Janik, Lidia"]
[Result "1/2-1/2"]
[WhiteElo "1906"]
[BlackElo "1608"]
[PlyCount "54"]
[EventDate "2010.??.??"]

1. e4 c5 2. Nf3 d6 3. c4 Nc6 4. d4 cxd4 5. Nxd4 g6 6. Be3 Bg7 7. Nc3 Nf6 8. Be2
O-O 9. O-O a6 10. Rc1 Bd7 11. Qd2 Rc8 12. f3 Ne5 13. Nd5 e6 14. Nxf6+ Bxf6 15.
Qb4 Qc7 16. Rfd1 Bc6 17. Nb3 Nd7 18. Rc2 Be7 19. Qc3 Rfd8 20. Na5 b6 21. Nxc6
Qxc6 22. Rcd2 Ne5 23. Bh6 Bf6 24. Qb4 Qc5+ 25. Qxc5 dxc5 26. Bf4 Nc6 27. a3 Nd4
1/2-1/2

[Event "XV Konik Morski Rewala - Open B"]
[Site "Rewal"]
[Date "2010.08.19"]
[Round "1.35"]
[White "Kiolbasa, Oliwia"]
[Black "Hagner, Pawel"]
[Result "1-0"]
[WhiteElo "1593"]
[BlackElo "1901"]
[PlyCount "57"]
[EventDate "2010.??.??"]

1. e4 g6 2. d4 Bg7 3. c4 d6 4. Nc3 Nf6 5. f3 c6 6. Be3 Nbd7 7. Nge2 O-O 8. Qd2
e5 9. d5 cxd5 10. Nxd5 Nxd5 11. Qxd5 Nf6 12. Qd2 Qe7 13. Nc3 a6 14. Be2 Be6 15.
O-O Rac8 16. b3 Nh5 17. Rad1 Rc6 18. Nd5 Bxd5 19. Qxd5 Nf4 20. Qd2 Qg5 21. g3
Bh6 22. Kh1 Rfc8 23. gxf4 exf4 24. Bf2 b5 25. Qd5 Qf6 26. cxb5 axb5 27. Bxb5
Rc2 28. Bc4 Qb2 29. Qxf7+ 1-0

[Event "XV Konik Morski Rewala - Open B"]
[Site "Rewal"]
[Date "2010.08.19"]
[Round "1.36"]
[White "Cichy, Kamil"]
[Black "Mirski, Roman"]
[Result "1-0"]
[WhiteElo "1900"]
[BlackElo "1592"]
[PlyCount "59"]
[EventDate "2010.??.??"]

1. e4 c5 2. Nf3 Nc6 3. Bb5 d6 4. d4 cxd4 5. Nxd4 Bd7 6. Nc3 Nf6 7. Bg5 g6 8.
Bxf6 exf6 9. Nde2 Be7 10. Qd2 O-O 11. h4 a6 12. Ba4 b5 13. Bb3 Na5 14. h5 Nxb3
15. axb3 f5 16. O-O-O a5 17. exf5 Bxf5 18. Ng3 Bg4 19. Rde1 Bg5 20. f4 Bh4 21.
Re3 a4 22. bxa4 bxa4 23. Nd5 a3 24. bxa3 Be6 25. hxg6 hxg6 26. Ne4 Bxd5 27.
Qxd5 Ra5 28. Qd4 f5 29. Ng5 Bxg5 30. Qh8+ 1-0

[Event "XV Konik Morski Rewala - Open B"]
[Site "Rewal"]
[Date "2010.08.18"]
[Round "1.37"]
[White "Jasniewicz, Rafal"]
[Black "Prazmowski, Bartosz"]
[Result "0-1"]
[WhiteElo "1588"]
[BlackElo "1893"]
[PlyCount "76"]
[EventDate "2010.??.??"]

1. Nf3 d5 2. d3 Bf5 3. g3 c6 4. Bg2 Nf6 5. O-O e6 6. Nbd2 Bd6 7. Nh4 Bg6 8. f4
Ng4 9. Nb3 Qb6+ 10. d4 f5 11. h3 Nf6 12. e3 Nbd7 13. Nd2 c5 14. c3 O-O-O 15. a4
a5 16. Rb1 Bf7 17. Nhf3 h6 18. b3 Ne4 19. Nxe4 dxe4 20. Nd2 g5 21. Nc4 Qc7 22.
Nxd6+ Qxd6 23. Ba3 gxf4 24. gxf4 Qc7 25. b4 Nf6 26. bxa5 Nd5 27. Qd2 Rhg8 28.
Bxc5 Qxa5 29. Rf2 Rg3 30. Bb4 Qc7 31. Qb2 Rdg8 32. Kh2 Nxe3 33. Rg1 Nd5 34.
Rgf1 Ne3 35. Rg1 Bh5 36. Qc1 Qg7 37. Qd2 Rxh3+ 38. Kxh3 Qg3# 0-1

[Event "XV Konik Morski Rewala - Open B"]
[Site "Rewal"]
[Date "2010.08.19"]
[Round "1.38"]
[White "Zochowski, Kacper"]
[Black "Szmer, Aleksander"]
[Result "1-0"]
[WhiteElo "1887"]
[BlackElo "1574"]
[PlyCount "77"]
[EventDate "2010.??.??"]

1. e4 e6 2. d4 d5 3. Nc3 Bb4 4. e5 c5 5. a3 Bxc3+ 6. bxc3 Ne7 7. Nf3 Qa5 8. Bd2
Nbc6 9. Bd3 c4 10. Be2 Bd7 11. h4 h6 12. h5 O-O-O 13. Nh4 Nf5 14. Nxf5 exf5 15.
O-O g6 16. Qe1 Be6 17. f4 Qc7 18. a4 Na5 19. Bc1 Rdg8 20. Ba3 g5 21. Bd6 Qc6
22. Be7 Qc7 23. Bf6 Rh7 24. Qf2 g4 25. g3 Nc6 26. Rfb1 Qa5 27. Qe3 a6 28. Rb2
Kc7 29. Bf1 Re8 30. Bg2 Ne7 31. Rab1 b6 32. Rxb6 Qxb6 33. Rxb6 Kxb6 34. Qc1 Ng8
35. Bh4 f6 36. Qa3 Rc7 37. a5+ Kb7 38. Qb4+ Ka7 39. Qb6+ 1-0

[Event "XV Konik Morski Rewala - Open B"]
[Site "Rewal"]
[Date "2010.08.19"]
[Round "1.39"]
[White "Mirski, Roman (j)"]
[Black "Starczewska, Dominika"]
[Result "0-1"]
[WhiteElo "1568"]
[BlackElo "1886"]
[PlyCount "62"]
[EventDate "2010.??.??"]

1. d4 Nf6 2. c4 c5 3. e3 cxd4 4. exd4 d5 5. Nc3 Nc6 6. Nf3 Bg4 7. Be2 e6 8. O-O
Be7 9. Bg5 O-O 10. h3 Bh5 11. c5 h6 12. Bh4 Bxf3 13. Bxf3 b6 14. Qa4 Rc8 15. b4
Nxd4 16. Qxa7 bxc5 17. Bxf6 Bxf6 18. Rac1 Nxf3+ 19. gxf3 cxb4 20. Ne2 Rxc1 21.
Rxc1 Qa8 22. Rc7 Qxa7 23. Rxa7 Rc8 24. Rb7 Rc2 25. Nf4 Rxa2 26. Rxb4 Bg5 27.
Nd3 g6 28. Kg2 Kg7 29. Kg3 h5 30. f4 Be7 31. Rb7 Ra3 0-1

[Event "XV Konik Morski Rewala - Open B"]
[Site "Rewal"]
[Date "2010.08.19"]
[Round "1.40"]
[White "Kardasz, Wladyslaw"]
[Black "Strek, Jaroslaw"]
[Result "1-0"]
[WhiteElo "1874"]
[BlackElo "1568"]
[PlyCount "85"]
[EventDate "2010.??.??"]

1. e4 c5 2. Nf3 d6 3. c3 Nf6 4. Be2 e6 5. O-O Be7 6. Re1 Nc6 7. Bf1 Qc7 8. d4
cxd4 9. cxd4 O-O 10. Nc3 Rd8 11. Bg5 a6 12. Rc1 d5 13. e5 Ne8 14. Bxe7 Qxe7 15.
a3 Nc7 16. Na4 Nb5 17. Nb6 Rb8 18. Qd3 h6 19. b4 Bd7 20. Qe3 Nba7 21. Nd2 Nc8
22. Nxd7 Rxd7 23. Nb3 Rc7 24. Rc2 Nb6 25. Nc5 Rbc8 26. Rec1 Nb8 27. Rc3 N8d7
28. Nxb7 Nc4 29. Bxc4 dxc4 30. Nd6 Rd8 31. Rxc4 Rxc4 32. Rxc4 Nb6 33. Rc6 Nd5
34. Qc1 Qh4 35. Qd2 Nf4 36. Rxa6 Qg4 37. f3 Nh3+ 38. Kf1 Qf4 39. Qxf4 Nxf4 40.
b5 Nd5 41. b6 Rb8 42. b7 Nc7 43. Rc6 1-0

[Event "XV Konik Morski Rewala - Open B"]
[Site "Rewal"]
[Date "2010.08.19"]
[Round "1.41"]
[White "Kopica, Paulina"]
[Black "Cyra, Dariusz"]
[Result "0-1"]
[WhiteElo "1567"]
[BlackElo "1874"]
[PlyCount "98"]
[EventDate "2010.??.??"]

1. e4 d5 2. exd5 Qxd5 3. Nc3 Qd6 4. d4 Nf6 5. Bd3 Nc6 6. Nge2 a6 7. Bf4 Qb4 8.
Bxc7 Nd5 9. a3 Nxc3 10. bxc3 Qa4 11. O-O e6 12. c4 Ne7 13. Qd2 Qc6 14. Bf4 Ng6
15. Be3 Bd6 16. c3 O-O 17. Nf4 Qc7 18. Nxg6 hxg6 19. h3 Bd7 20. Rfe1 Bc6 21.
Bc2 Rfd8 22. Bb3 a5 23. a4 b6 24. d5 Bb7 25. Rad1 Rac8 26. Qd3 Ba6 27. Bg5 Rd7
28. Qe3 e5 29. Rb1 f6 30. Bh4 Bxc4 31. Bc2 Bxd5 32. Bxg6 Qc4 33. Bg3 Bc5 34.
Qd2 Rcd8 35. Qc2 Bc6 36. Qf5 Qd5 37. Qe4 Qxe4 38. Bxe4 Bxe4 39. Rxe4 Rd3 40.
Rc1 Rxg3 41. Rc4 Rgd3 42. Re4 Rd2 43. Rf1 R8d3 44. Rc4 Rc2 45. Re4 Rdxc3 46.
Ree1 Ra3 47. Rd1 Bd4 48. Rb1 Rxa4 49. Rb5 Raa2 0-1

[Event "XV Konik Morski Rewala - Open B"]
[Site "Rewal"]
[Date "2010.08.19"]
[Round "1.42"]
[White "Somyk, Marcin"]
[Black "Nun, Joanna"]
[Result "1-0"]
[WhiteElo "1869"]
[BlackElo "1564"]
[PlyCount "43"]
[EventDate "2010.??.??"]

1. e4 c5 2. Nf3 Nc6 3. Bb5 e6 4. Bxc6 bxc6 5. d3 Ne7 6. O-O Ng6 7. Ng5 Be7 8.
Qh5 Bxg5 9. Bxg5 Qb6 10. b3 Bb7 11. Nd2 d5 12. Kh1 f6 13. Be3 O-O-O 14. f4 e5
15. a3 Ba6 16. Qg4+ Rd7 17. f5 Nf8 18. b4 d4 19. Bg1 cxb4 20. axb4 h5 21. Qe2
Qb7 22. Nb3 1-0

[Event "XV Konik Morski Rewala - Open B"]
[Site "Rewal"]
[Date "2010.08.18"]
[Round "1.43"]
[White "Wojna, Natalia"]
[Black "Gola, Karolina"]
[Result "0-1"]
[WhiteElo "1527"]
[BlackElo "1862"]
[PlyCount "34"]
[EventDate "2010.??.??"]

1. e4 c5 2. Nf3 e6 3. d4 cxd4 4. Nxd4 a6 5. Nc3 b5 6. Bd3 Bb7 7. a3 d6 8. Be3
Nd7 9. Be2 Ngf6 10. Bf3 Be7 11. Bg5 Ne5 12. O-O O-O 13. Re1 h6 14. Bh4 Rc8 15.
Qc1 Rc4 16. Bxf6 Bxf6 17. Qd1 Rxd4 0-1

[Event "XV Konik Morski Rewala - Open B"]
[Site "Rewal"]
[Date "2010.08.18"]
[Round "1.44"]
[White "Majdan, Damian"]
[Black "Rabeda, Grzegorz"]
[Result "1-0"]
[WhiteElo "1846"]
[BlackElo "1520"]
[PlyCount "89"]
[EventDate "2010.??.??"]

1. Nf3 Nf6 2. b3 d5 3. Bb2 g6 4. e3 Bg4 5. Be2 c6 6. O-O Nbd7 7. Ne5 Be6 8. d3
Bg7 9. Nxd7 Qxd7 10. Nd2 O-O 11. c4 Rfd8 12. Nf3 dxc4 13. dxc4 Qc7 14. Qc1 Ne8
15. Bxg7 Nxg7 16. Qb2 f6 17. Rfd1 Rxd1+ 18. Rxd1 Rd8 19. Rxd8+ Qxd8 20. Qd2
Qxd2 21. Nxd2 Kf7 22. Ne4 Bc8 23. f4 h5 24. b4 Nf5 25. Kf2 Nd6 26. Kf3 Bg4+ 27.
Kf2 Bxe2 28. Nxd6+ exd6 29. Kxe2 Ke6 30. e4 f5 31. Ke3 d5 32. exd5+ cxd5 33.
Kd4 dxc4 34. Kxc4 Kd6 35. a4 Kc6 36. Kd4 b5 37. a5 Kd6 38. h4 a6 39. g3 Kc6 40.
Ke5 Kd7 41. Kf6 Kd6 42. Kxg6 Kd5 43. Kxf5 Kc4 44. Kg5 Kxb4 45. f5 1-0

[Event "XV Konik Morski Rewala - Open B"]
[Site "Rewal"]
[Date "2010.08.19"]
[Round "1.45"]
[White "Kwasniewski, Pawel"]
[Black "Zawada, Jozef"]
[Result "1/2-1/2"]
[WhiteElo "1478"]
[BlackElo "1838"]
[PlyCount "104"]
[EventDate "2010.??.??"]

1. d4 d5 2. c4 e6 3. Nc3 Nf6 4. Bg5 Nbd7 5. e3 c6 6. Nf3 Qa5 7. Bd3 Ne4 8. Qa4
Qxa4 9. Nxa4 Bb4+ 10. Ke2 Nxg5 11. Nxg5 h6 12. Nf3 dxc4 13. Be4 f5 14. Bc2 b5
15. Nc3 Bd6 16. e4 O-O 17. Rhe1 Nb6 18. Kf1 g6 19. Rad1 Kf7 20. g3 Bb7 21. Nh4
Be7 22. Ng2 a6 23. Nf4 Rfd8 24. exf5 exf5 25. Nxg6 Bf6 26. Bxf5 Bc8 27. Bxc8
Raxc8 28. Ne5+ Kg7 29. Ne4 Nd5 30. Nc5 Re8 31. a3 a5 32. Re4 c3 33. Rg4+ Kh7
34. bxc3 Nxc3 35. Rc1 b4 36. axb4 axb4 37. Na6 Bxe5 38. dxe5 c5 39. Rc4 Rxe5
40. Nxb4 Ne4 41. R4c2 Rf5 42. Nd3 c4 43. Nf4 Rfc5 44. f3 Nd6 45. Nd3 R5c7 46.
Ne5 c3 47. Ke2 Nb5 48. Nd3 Nd4+ 49. Ke3 Nxc2+ 50. Rxc2 Re7+ 51. Kd4 Rd7+ 52.
Ke4 Re7+ 1/2-1/2

[Event "XV Konik Morski Rewala - Open B"]
[Site "Rewal"]
[Date "2010.08.19"]
[Round "1.46"]
[White "Kuspak, Aleksander"]
[Black "Krolak, Dominika"]
[Result "1-0"]
[WhiteElo "1832"]
[BlackElo "1443"]
[PlyCount "32"]
[EventDate "2010.??.??"]

1. e4 c5 2. Nf3 Nc6 3. d4 cxd4 4. Nxd4 Nf6 5. Nc3 e5 6. Ndb5 d6 7. Bg5 Be7 8.
Bxf6 gxf6 9. Nd5 Kf8 10. Qd2 a6 11. Qh6+ Kg8 12. Nxe7+ Qxe7 13. Nc3 Be6 14. Rd1
Rd8 15. Rd3 Qd7 16. Rg3+ Bg4 1-0

[Event "XV Konik Morski Rewala - Open B"]
[Site "Rewal"]
[Date "2010.08.20"]
[Round "2.1"]
[White "Szczecina, Michal"]
[Black "Cichy, Kamil"]
[Result "1/2-1/2"]
[WhiteElo "2100"]
[BlackElo "1900"]
[PlyCount "46"]
[EventDate "2010.??.??"]

1. d4 Nf6 2. c4 c5 3. Nf3 cxd4 4. Nxd4 a6 5. Nc3 d5 6. Bg5 Ne4 7. Nxe4 dxe4 8.
Nb3 Qc7 9. e3 e5 10. a3 Be6 11. Be2 h6 12. Bh4 g5 13. Bg3 Bg7 14. Nd4 Qe7 15.
Nxe6 Qxe6 16. Bg4 f5 17. Bh5+ Ke7 18. Qb3 Nc6 19. Qxb7+ Kf6 20. Rd1 Rhb8 21.
Qc7 Rc8 22. Qb7 Rcb8 23. Qc7 Rc8 1/2-1/2

[Event "XV Konik Morski Rewala - Open B"]
[Site "Rewal"]
[Date "2010.08.20"]
[Round "2.2"]
[White "Prazmowski, Bartosz"]
[Black "Dowgird, Filip"]
[Result "1/2-1/2"]
[WhiteElo "1893"]
[BlackElo "2096"]
[PlyCount "149"]
[EventDate "2010.??.??"]

1. d4 Nf6 2. c4 d6 3. Nc3 Nbd7 4. e4 e5 5. Nf3 Be7 6. Be2 O-O 7. O-O c6 8. Bg5
h6 9. Bxf6 Bxf6 10. d5 c5 11. Ne1 Nb6 12. Bd3 a5 13. a3 a4 14. Rb1 Bg5 15. Qc2
Qd7 16. Nf3 Bd8 17. Ne1 Ra6 18. g3 Qh3 19. Ng2 Bg5 20. Ne2 Qd7 21. Qc3 Qe7 22.
Bc2 Bg4 23. f3 Bh3 24. Rf2 Bd7 25. Rbf1 Na8 26. Qd3 Nc7 27. Nc3 Ra5 28. h4 Bf6
29. Qd2 Raa8 30. Ne3 Rfb8 31. Nf5 Qf8 32. Rg2 b5 33. g4 Bxf5 34. gxf5 Kh8 35.
Ne2 bxc4 36. f4 Rxb2 37. Ng3 c3 38. Qc1 Ne8 39. Nh5 Qe7 40. Rf3 exf4 41. Nxf4
Qe5 42. Ne2 Rab8 43. Ng3 Qd4+ 44. Kh1 Kh7 45. Rd3 Qe5 46. Rf3 Bxh4 47. Nf1 Bg5
48. Qd1 Nf6 49. Rh3 Kg8 50. Nh2 Qf4 51. Rxc3 Nxe4 52. Rf3 Qe5 53. Ng4 Nc3 54.
Nxe5 Nxd1 55. Nc4 Rb1 56. Bxb1 Rxb1 57. Rg1 Rc1 58. Nxd6 Rc3 59. Rxc3 Nxc3 60.
Nb7 Nxd5 61. Nxc5 Be3 62. Rd1 Bxc5 63. Rxd5 Bxa3 64. Ra5 Bb2 65. Rxa4 Kh7 66.
Ra7 f6 67. Kg2 h5 68. Kf3 Kh6 69. Ra2 Be5 70. Rg2 Bc3 71. Rg6+ Kh7 72. Kg3 Be1+
73. Kh3 Bf2 74. Rg2 Be1 75. Rg1 1/2-1/2

[Event "XV Konik Morski Rewala - Open B"]
[Site "Rewal"]
[Date "2010.??.20"]
[Round "2.3"]
[White "Zochowski, Kacper"]
[Black "Nowak, Ryszard"]
[Result "1-0"]
[WhiteElo "1887"]
[BlackElo "2091"]
[PlyCount "91"]
[EventDate "2010.??.??"]

1. e4 c6 2. d4 d5 3. e5 Bf5 4. h4 h5 5. c4 e6 6. Nc3 Nd7 7. Nf3 Bg4 8. Bg5 Be7
9. Qd2 Bxf3 10. gxf3 Bxg5 11. hxg5 Ne7 12. cxd5 exd5 13. Bh3 Nf8 14. f4 g6 15.
f5 Nxf5 16. Bxf5 gxf5 17. f4 Qd7 18. O-O-O O-O-O 19. Rh3 Ng6 20. Kb1 Kb8 21.
Na4 b6 22. Rb3 Kc7 23. Rc1 Rc8 24. Nc5 Qe8 25. Ra3 Ra8 26. Na6+ Kd8 27. Nb4 Ne7
28. Qe2 Qd7 29. Rac3 Rc8 30. Qc2 h4 31. Nd3 Rc7 32. Rh1 Qe6 33. Ne1 Ng6 34. Qf2
Kd7 35. Ng2 Rh7 36. Nxh4 Rc8 37. Rch3 Rch8 38. Nxg6 Qxg6 39. Rh4 Kc7 40. R1h3
Kb7 41. Qh2 Rxh4 42. Rxh4 Rxh4 43. Qxh4 c5 44. Qh6 c4 45. e6 Kc7 46. e7 1-0

[Event "XV Konik Morski Rewala - Open B"]
[Site "Rewal"]
[Date "2010.08.20"]
[Round "2.4"]
[White "Gonsior, Monika"]
[Black "Kardasz, Wladyslaw"]
[Result "1-0"]
[WhiteElo "2087"]
[BlackElo "1874"]
[PlyCount "47"]
[EventDate "2010.??.??"]

1. e4 g6 2. f4 d6 3. Bc4 c6 4. Nc3 Nd7 5. Nf3 b5 6. Bb3 a5 7. a3 h6 8. d4 Ba6
9. O-O Bg7 10. e5 d5 11. e6 fxe6 12. Re1 Nf8 13. Ne5 Bxe5 14. fxe5 h5 15. Qf3
Nh6 16. Bxh6 Rxh6 17. Rf1 Kd7 18. Qe3 Rh8 19. Rf7 Qe8 20. Raf1 Rg8 21. Ne2 g5
22. Ng3 h4 23. Nh5 g4 24. Nf6+ 1-0

[Event "XV Konik Morski Rewala - Open B"]
[Site "Rewal"]
[Date "2010.08.20"]
[Round "2.5"]
[White "Starczewska, Dominika"]
[Black "Janus, Przemyslaw"]
[Result "1-0"]
[WhiteElo "1886"]
[BlackElo "2085"]
[PlyCount "117"]
[EventDate "2010.??.??"]

1. e4 c5 2. Nf3 d6 3. d4 cxd4 4. Qxd4 Bd7 5. Bc4 Nc6 6. Qd3 g6 7. O-O Bg7 8. c3
Nf6 9. h3 O-O 10. Be3 Qc7 11. Nbd2 Rac8 12. Bb3 Rfd8 13. Nd4 a6 14. f4 Na5 15.
Qc2 e5 16. N4f3 Nxb3 17. axb3 Bc6 18. Kh1 Nh5 19. fxe5 Ng3+ 20. Kg1 Nxf1 21.
Rxf1 dxe5 22. Nc4 Qe7 23. Nb6 Rc7 24. c4 Bf8 25. Ng5 f6 26. Nf3 Qb4 27. Qf2
Bxe4 28. Nd2 Bd3 29. Qxf6 Bxf1 30. Qxd8 Rf7 31. Nd5 Qd6 32. Qxd6 Bxd6 33. Nxf1
Kg7 34. Nd2 h6 35. Ne4 Bb8 36. Nc5 g5 37. g4 Kg6 38. Kg2 Ba7 39. b4 Bb8 40. Ne4
Bc7 41. Bc5 Rd7 42. b3 Bb8 43. Kf3 Rf7+ 44. Ke2 Rd7 45. Ne7+ Kf7 46. Nf5 Kg6
47. Bf8 Rh7 48. Bxh6 Rxh6 49. Nxh6 Kxh6 50. Nc5 Kg6 51. Nxb7 Ba7 52. Nc5 a5 53.
Nd7 axb4 54. Nxe5+ Kf6 55. Nd3 Ke6 56. Nxb4 Bg1 57. Nd5 Ke5 58. Kd3 Ba7 59. b4
1-0

[Event "XV Konik Morski Rewala - Open B"]
[Site "Rewal"]
[Date "2010.08.20"]
[Round "2.6"]
[White "Tobolski, Jakub"]
[Black "Somyk, Marcin"]
[Result "0-1"]
[WhiteElo "2073"]
[BlackElo "1869"]
[PlyCount "98"]
[EventDate "2010.??.??"]

1. e4 c5 2. Nf3 Nc6 3. d4 cxd4 4. Nxd4 Nf6 5. Nc3 d6 6. Be2 e5 7. Nb3 Be7 8.
O-O O-O 9. f4 a5 10. a4 Be6 11. Kh1 Nb4 12. Be3 exf4 13. Rxf4 d5 14. e5 Nd7 15.
Bd4 Rc8 16. Bg4 Rc4 17. Be2 Rc8 18. Bb5 Nc5 19. Nc1 Bg5 20. Rf1 Ne4 21. Nd3 f5
22. Nf4 Qe7 23. Bd3 Bxf4 24. Rxf4 g5 25. Rf1 Kh8 26. Nb5 g4 27. Nd6 Ra8 28. Qc1
Qh4 29. Qf4 Nc6 30. Bg1 Ne7 31. Bxe4 dxe4 32. Nxb7 Nd5 33. Qf2 Qe7 34. Nd6 e3
35. Qe2 f4 36. c4 Nb4 37. Rad1 Nc6 38. Qc2 Qg5 39. Nb5 Qxe5 40. Rd6 Nb4 41. Qc3
Qxc3 42. bxc3 Bxc4 43. Rc1 Nd3 44. Rc2 Rae8 45. Nd4 f3 46. gxf3 gxf3 47. Nxf3
Rxf3 48. Rd4 Bb3 49. Re2 Nf2+ 0-1

[Event "XV Konik Morski Rewala - Open B"]
[Site "Rewal"]
[Date "2010.08.20"]
[Round "2.7"]
[White "Cyra, Dariusz"]
[Black "Slabek, Grzegorz"]
[Result "0-1"]
[WhiteElo "1874"]
[BlackElo "2065"]
[PlyCount "60"]
[EventDate "2010.??.??"]

1. d4 Nf6 2. c4 g6 3. Nc3 Bg7 4. e4 d6 5. f4 O-O 6. Nf3 c5 7. d5 e6 8. Be2 exd5
9. cxd5 Re8 10. e5 dxe5 11. fxe5 Ng4 12. Bg5 Qb6 13. O-O Nxe5 14. Nxe5 Bxe5 15.
Bb5 Bd7 16. a4 Bxb5 17. Nxb5 a6 18. Qf3 f6 19. Nc3 Nd7 20. Be3 Qxb2 21. Ne4 Bd4
22. Rae1 f5 23. Ng5 Rxe3 24. Rxe3 Re8 25. Ne6 Ne5 26. Qf4 Bxe3+ 27. Qxe3 c4 28.
Rd1 Ng4 29. Qc5 Qe5 30. g3 Rxe6 0-1

[Event "XV Konik Morski Rewala - Open B"]
[Site "Rewal"]
[Date "2010.08.20"]
[Round "2.8"]
[White "Szydlowska-Duda, Marta"]
[Black "Majdan, Damian"]
[Result "1/2-1/2"]
[WhiteElo "2063"]
[BlackElo "1846"]
[PlyCount "67"]
[EventDate "2010.??.??"]

1. d4 Nf6 2. Nf3 g6 3. Bf4 Bg7 4. e3 O-O 5. Be2 c5 6. c3 cxd4 7. exd4 d6 8. O-O
Bg4 9. h3 Bd7 10. Nbd2 d5 11. Re1 Nc6 12. Bd3 a6 13. Ne5 Nxe5 14. Bxe5 Nh5 15.
Bh2 Bf6 16. Nf3 Ng7 17. g4 Ne8 18. Qe2 e6 19. Ne5 Bg7 20. Kg2 Bc6 21. Bg3 Nf6
22. h4 h5 23. g5 Ne4 24. Bh2 Bxe5 25. Bxe5 Nd6 26. Bf6 Qd7 27. Qe5 Kh7 28. Bg7
Rg8 29. Bh6 Nf5 30. Bxf5 exf5 31. Qf6 Rae8 32. Rxe8 Qxe8 33. Re1 Qxe1 34. Qxf7+
1/2-1/2

[Event "XV Konik Morski Rewala - Open B"]
[Site "Rewal"]
[Date "2010.08.23"]
[Round "2.9"]
[White "Gola, Karolina"]
[Black "Milanowski, Jan"]
[Result "1/2-1/2"]
[WhiteElo "1862"]
[BlackElo "2049"]
[PlyCount "168"]
[EventDate "2010.??.??"]

1. e4 d6 2. d4 g6 3. Nc3 Bg7 4. Be3 Nf6 5. f3 c6 6. Qd2 a6 7. Bh6 Bxh6 8. Qxh6
Qa5 9. h3 b5 10. Qd2 Nbd7 11. Bd3 Rb8 12. f4 b4 13. Nce2 c5 14. e5 Nd5 15. Be4
c4 16. Bxd5 Qxd5 17. Nf3 a5 18. O-O Bb7 19. a3 Qb5 20. axb4 axb4 21. Ng3 Bxf3
22. Rxf3 Qd5 23. exd6 Qxd6 24. f5 Nf6 25. Qe3 c3 26. bxc3 Nd5 27. Ne4 Qc6 28.
Qd3 gxf5 29. Rxf5 bxc3 30. Re1 Nb4 31. Qe2 Rb7 32. Rc5 Qe6 33. Rxc3 O-O 34. Nc5
Qxe2 35. Rxe2 Ra7 36. Rg3+ Kh8 37. c3 Nd5 38. Re5 Nf6 39. Ne4 Nxe4 40. Rxe4 Rc7
41. d5 Rfc8 42. Rf3 Kg8 43. Kf2 f6 44. Ke2 Kf7 45. Kd2 Rc5 46. Rd4 Rd8 47. Rfd3
Rd6 48. c4 Ra5 49. Rc3 Rc5 50. Kd3 f5 51. Rb3 Ra5 52. Kc3 Kf6 53. Rh4 Kg6 54.
Kd4 Rdxd5+ 55. cxd5 Ra4+ 56. Ke5 Rxh4 57. Rg3+ Kf7 58. Kxf5 Rh5+ 59. Rg5 Rh6
60. Ke5 Rd6 61. Rf5+ Kg7 62. Rf4 Rh6 63. Rc4 Kf7 64. Rf4+ Kg7 65. Rg4+ Kf7 66.
Rf4+ Kg7 67. Rf3 Rd6 68. g4 Rg6 69. Rf4 h6 70. h4 Kg8 71. Kf5 Rf6+ 72. Ke5 Rg6
73. Ra4 Kf7 74. Rf4+ Kg7 75. h5 Rd6 76. Rc4 Rd8 77. Rc6 Rd7 78. Rg6+ Kh7 79.
Ke6 Rd6+ 80. Kxe7 Rxd5 81. Kf7 Rd7+ 82. Kf6 Rd6+ 83. Kf5 Rxg6 84. hxg6+ Kg7
1/2-1/2

[Event "XV Konik Morski Rewala - Open B"]
[Site "Rewal"]
[Date "2010.08.20"]
[Round "2.10"]
[White "Czaja, Roman"]
[Black "Kuspak, Aleksander"]
[Result "1/2-1/2"]
[WhiteElo "2046"]
[BlackElo "1832"]
[PlyCount "100"]
[EventDate "2010.??.??"]

1. d4 Nf6 2. c4 c5 3. dxc5 e6 4. Nf3 Bxc5 5. Nc3 h6 6. e3 a6 7. a3 b6 8. b4 Be7
9. Bb2 Bb7 10. Be2 d6 11. Rc1 Nbd7 12. Qb3 Rc8 13. Rf1 Qc7 14. Nb1 Qb8 15. Nbd2
Rg8 16. h4 Ng4 17. Nd4 Nge5 18. f4 Nc6 19. N4f3 g5 20. Qd3 g4 21. Qh7 Rf8 22.
Nh2 Bxh4+ 23. g3 Bf6 24. Bxf6 Nxf6 25. Qxh6 Ke7 26. Nxg4 Nxg4 27. Bxg4 f5 28.
Bf3 Rf6 29. Qh2 Rh8 30. Qg2 Nd8 31. Rh1 Rfh6 32. Ke2 Bxf3+ 33. Nxf3 Nf7 34. Nd4
Qc8 35. Kd3 e5 36. Nc6+ Kf6 37. b5 e4+ 38. Kc3 axb5 39. cxb5 Qe6 40. Rxh6+ Rxh6
41. Rh1 Rxh1 42. Qxh1 Qa2 43. Qc1 Qd5 44. Qb2 Qd3+ 45. Kb4+ Kg6 46. Qc3 Qb1+
47. Ka4 Qd1+ 48. Qb3 Qd2 49. Qe6+ Kg7 50. Nd4 Qd1+ 1/2-1/2